[Event "Match Ivanov-Spraggett +4-2=3"]
[Site "Montreal CAN"]
[Date "1981.??.??"]
[Round "9"]
[White "Spraggett, Kevin"]
[Black "Ivanov, Igor V"]
[Result "1/2-1/2"]
[WhiteElo "2450"]
[BlackElo "2430"]
[PlyCount "64"]
[GameId "2160767912845731"]
[EventDate "1981.??.??"]
[EventType "match"]
[EventRounds "9"]
[EventCountry "CAN"]
[SourceTitle "EXT 2002"]
[Source "ChessBase"]
[SourceDate "2001.11.25"]
[SourceVersion "1"]
[SourceVersionDate "2001.11.25"]
[SourceQuality "1"]

1. Nf3 Nf6 2. b4 g6 3. Bb2 Bg7 4. c4 O-O 5. e3 b6 6. Be2 d6 7. Nc3 c5 8. a3 Bb7 9. O-O Nbd7 10. Qb3 Rc8 11. Rfd1 Ne4 12. Nxe4 Bxe4 13. Bxg7 Kxg7 14. d3 Bxf3 15. Bxf3 Qc7 16. g3 Nf6 17. Rab1 Rfd8 18. Rd2 h5 19. h3 Qd7 20. Bg2 e5 21. Qb2 Qe6 22. Rbd1 Rb8 23. Rc2 b5 24. Rb1 a5 25. Qc1 axb4 26. axb4 bxc4 27. Rxc4 cxb4 28. Rcxb4 Rxb4 29. Rxb4 d5 30. Rb5 Rc8 31. Rc5 Rxc5 32. Qxc5 e4 1/2-1/2

[Event "Super tournoi"]
[Site "Montreal CAN"]
[Date "1980.10.25"]
[Round "1"]
[White "Ivanov, Igor V"]
[Black "Lake, Perry"]
[Result "1-0"]
[WhiteElo "2471"]
[BlackElo "1931"]
[PlyCount "89"]
[GameId "2160767912911621"]
[EventDate "1980.10.25"]
[EventType "tourn"]
[EventRounds "5"]
[EventCountry "CAN"]
[SourceTitle "EXT 2022"]
[Source "ChessBase"]
[SourceDate "2021.10.06"]
[SourceVersion "1"]
[SourceVersionDate "2021.10.06"]
[SourceQuality "1"]

1. d4 Nf6 2. c4 c5 3. d5 e6 4. Nc3 exd5 5. cxd5 d6 6. e4 g6 7. Bd3 Bg7 8. Nge2 O-O 9. O-O Nbd7 10. Kh1 a6 11. f3 b5 12. a3 c4 13. Bc2 Nc5 14. Bg5 Qc7 15. Qd2 Ne8 16. Ng3 Rb8 17. Bh6 Bd7 18. Bxg7 Nxg7 19. f4 f5 20. Rae1 fxe4 21. Ncxe4 Nf5 22. Qc3 Nxg3+ 23. Nxg3 Qd8 24. f5 gxf5 25. Nxf5 Qf6 26. Qg3+ Kh8 27. Qxd6 Qxd6 28. Nxd6 Rxf1+ 29. Rxf1 Rb6 30. Rf8+ Kg7 31. Rf7+ Kg8 32. Bxh7+ Kh8 33. Ne4 Nxe4 34. Bxe4 Rd6 35. Kg1 a5 36. Kf2 b4 37. axb4 axb4 38. Ke3 Kg8 39. Rf3 Ra6 40. Kd4 Ra2 41. d6 Rxb2 42. Bd5+ Kg7 43. Rf7+ Kh6 44. Rxd7 c3 45. Rc7 1-0

[Event "Super tournoi"]
[Site "Montreal CAN"]
[Date "1980.10.26"]
[Round "2"]
[White "Coudari, Camille"]
[Black "Ivanov, Igor V"]
[Result "0-1"]
[WhiteElo "2338"]
[BlackElo "2471"]
[PlyCount "76"]
[GameId "2160767912911624"]
[EventDate "1980.10.25"]
[EventType "tourn"]
[EventRounds "5"]
[EventCountry "CAN"]
[SourceTitle "EXT 2022"]
[Source "ChessBase"]
[SourceDate "2021.10.06"]
[SourceVersion "1"]
[SourceVersionDate "2021.10.06"]
[SourceQuality "1"]

1. e4 e5 2. Nf3 Nc6 3. Bb5 a6 4. Ba4 Nf6 5. O-O Nxe4 6. d4 b5 7. Bb3 d5 8. dxe5 Be6 9. c3 Bc5 10. Nbd2 O-O 11. Bc2 Bf5 12. Nb3 Bg4 13. Nxc5 Nxc5 14. Be3 Ne6 15. Qd3 g6 16. Bb3 Bxf3 17. gxf3 Nxe5 18. Qxd5 Qf6 19. Kg2 c5 20. Qe4 Rae8 21. Rad1 c4 22. Bc2 Re7 23. f4 Ng4 24. Qf3 Nh6 25. Rd5 Rd8 26. Rfd1 Ree8 27. a4 Rxd5 28. Rxd5 Ng7 29. axb5 axb5 30. Bd4 Qa6 31. Re5 Rd8 32. Qg3 f6 33. Rc5 Qb7+ 34. Qf3 Qxf3+ 35. Kxf3 Ne6 36. Rxb5 Rxd4 37. Rb6 Rxf4+ 38. Ke3 Ng4+ 0-1

[Event "Super tournoi"]
[Site "Montreal CAN"]
[Date "1980.10.27"]
[Round "3"]
[White "Ivanov, Igor V"]
[Black "Poulin, Maurice"]
[Result "1-0"]
[WhiteElo "2471"]
[BlackElo "2155"]
[PlyCount "46"]
[GameId "2160767912911627"]
[EventDate "1980.10.25"]
[EventType "tourn"]
[EventRounds "5"]
[EventCountry "CAN"]
[SourceTitle "EXT 2022"]
[Source "ChessBase"]
[SourceDate "2021.10.06"]
[SourceVersion "1"]
[SourceVersionDate "2021.10.06"]
[SourceQuality "1"]

1. Nf3 g6 2. c4 Bg7 3. Nc3 d6 4. d4 Nf6 5. e4 O-O 6. Be2 e5 7. d5 Nh5 8. g3 h6 9. Be3 Bh3 10. Nd2 Nf6 11. g4 Nh7 12. Rg1 f5 13. gxf5 gxf5 14. Bxh6 Rf7 15. Bh5 Rd7 16. Qf3 Qh4 17. exf5 Kh8 18. Be3 e4 19. Ndxe4 Be5 20. O-O-O Na6 21. Rg3 Bxf5 22. Qxf5 Rf8 23. Qxd7 Bxg3 1-0

[Event "Super tournoi"]
[Site "Montreal CAN"]
[Date "1980.10.27"]
[Round "4"]
[White "Leveille, Francois"]
[Black "Ivanov, Igor V"]
[Result "0-1"]
[WhiteElo "2061"]
[BlackElo "2471"]
[PlyCount "44"]
[GameId "2160767912911630"]
[EventDate "1980.10.25"]
[EventType "tourn"]
[EventRounds "5"]
[EventCountry "CAN"]
[SourceTitle "EXT 2022"]
[Source "ChessBase"]
[SourceDate "2021.10.06"]
[SourceVersion "1"]
[SourceVersionDate "2021.10.06"]
[SourceQuality "1"]

1. e4 e5 2. Nf3 Nc6 3. Bb5 a6 4. Ba4 Nf6 5. O-O Be7 6. Re1 b5 7. Bb3 O-O 8. h3 Bb7 9. c3 d5 10. d4 Nxe4 11. dxe5 Na5 12. Bc2 Bc5 13. Nd4 Qh4 14. Qe2 Nc4 15. f3 Nxc3 16. bxc3 Bxd4+ 17. cxd4 Qxd4+ 18. Kf1 Qxa1 19. Qd3 g6 20. Nc3 Nxe5 21. Qd4 Rfe8 22. Bb1 c5 0-1

[Event "Super tournoi"]
[Site "Montreal CAN"]
[Date "1980.10.28"]
[Round "5"]
[White "Ivanov, Igor V"]
[Black "Spraggett, Kevin"]
[Result "1/2-1/2"]
[WhiteElo "2471"]
[BlackElo "2517"]
[PlyCount "108"]
[GameId "2160767912911634"]
[EventDate "1980.10.25"]
[EventType "tourn"]
[EventRounds "5"]
[EventCountry "CAN"]
[SourceTitle "EXT 2022"]
[Source "ChessBase"]
[SourceDate "2021.10.06"]
[SourceVersion "1"]
[SourceVersionDate "2021.10.06"]
[SourceQuality "1"]

1. c4 Nf6 2. Nf3 c5 3. g3 b6 4. Bg2 Bb7 5. O-O e6 6. Nc3 Be7 7. d4 cxd4 8. Qxd4 d6 9. Rd1 a6 10. b3 Nbd7 11. Ng5 Bxg2 12. Kxg2 O-O 13. Nge4 Qc7 14. Bg5 Rfd8 15. Rac1 h6 16. Be3 Nxe4 17. Qxe4 Nf6 18. Qf3 Rab8 19. Bd4 Rb7 20. Rd3 Qb8 21. Rcd1 Rbd7 22. Qc6 Qb7 23. Qxb7 Rxb7 24. Bxf6 gxf6 25. e4 Rc8 26. a4 Kg7 27. f4 h5 28. Kf3 Rc5 29. h3 Rb8 30. Rd4 Rbc8 31. f5 Kg8 32. R4d2 Bf8 33. g4 hxg4+ 34. hxg4 Re5 35. Rh1 Rec5 36. Rh5 b5 37. fxe6 Rxh5 38. exf7+ Kxf7 39. gxh5 bxa4 40. Nxa4 Rb8 41. Rd3 Ke6 42. Ke3 Bh6+ 43. Kd4 Bf4 44. Kc3 Ke5 45. Kc2 Kxe4 46. Nc3+ Kf5 47. Nd5 Be5 48. b4 Kg4 49. Ra3 Kxh5 50. Rxa6 f5 51. Kd3 Rg8 52. c5 dxc5 53. bxc5 Rg1 54. Ne3 Rc1 1/2-1/2

[Event "Montreal op"]
[Site "Montreal CAN"]
[Date "1980.09.01"]
[Round "4"]
[White "Ivanov, Igor V"]
[Black "Williams, Leo"]
[Result "1/2-1/2"]
[WhiteElo "2474"]
[BlackElo "2255"]
[PlyCount "68"]
[GameId "2160767912911725"]
[EventDate "1980.08.30"]
[EventType "swiss"]
[EventRounds "6"]
[EventCountry "CAN"]
[SourceTitle "CFC 1980.11"]

1. c4 Nf6 2. Nf3 b6 3. d4 e6 4. a3 Bb7 5. Nc3 d5 6. cxd5 exd5 7. Bg5 Nbd7 8. g3 Be7 9. Bg2 O-O 10. O-O Re8 11. Rc1 h6 12. Bf4 c6 13. Ne5 Nh5 14. Bd2 Nhf6 15. f4 c5 16. e3 cxd4 17. exd4 Ne4 18. Be3 Ndf6 19. Qb3 Nxc3 20. Rxc3 Qd6 21. g4 Rac8 22. Rxc8 Rxc8 23. g5 Nh7 24. gxh6 gxh6 25. Bd2 Bf6 26. Bb4 Qd8 27. Kh1 Rc7 28. Rg1 Kh8 29. Bf3 Bg7 30. Bh5 Bxe5 31. fxe5 Qh4 32. Bd6 Rc8 33. Bg4 Rg8 34. Qf3 h5 1/2-1/2

[Event "Quebec op"]
[Site "Montreal CAN"]
[Date "1980.08.05"]
[Round "3"]
[White "Ivanov, Igor V"]
[Black "Duchesne, Guy"]
[Result "1-0"]
[WhiteElo "2452"]
[BlackElo "1701"]
[PlyCount "111"]
[GameId "2160767912911749"]
[EventDate "1980.08.03"]
[EventType "swiss"]
[EventRounds "8"]
[EventCountry "CAN"]
[SourceTitle "EXT 2022"]
[Source "ChessBase"]
[SourceDate "2021.10.06"]
[SourceVersion "1"]
[SourceVersionDate "2021.10.06"]
[SourceQuality "1"]

1. d4 d5 2. c4 e6 3. Nc3 Nf6 4. Bg5 Be7 5. e3 h6 6. Bh4 O-O 7. Nf3 Ne4 8. Bxe7 Qxe7 9. cxd5 Nxc3 10. bxc3 exd5 11. Qb3 Rd8 12. a4 Nc6 13. Be2 b6 14. O-O Bf5 15. Bb5 Na5 16. Qb4 Qd6 17. Ra3 c6 18. Qxd6 Rxd6 19. Be2 f6 20. Nd2 Rc8 21. f3 c5 22. e4 Be6 23. e5 fxe5 24. dxe5 Rdd8 25. f4 g6 26. Nf3 d4 27. cxd4 cxd4 28. Rd1 Bc4 29. Bd3 Bb3 30. Rd2 Rc1+ 31. Kf2 Kg7 32. g4 Bc4 33. f5 gxf5 34. gxf5 Rc3 35. f6+ Kf8 36. Nxd4 Rxa3 37. Bxc4 Nxc4 38. Ne6+ Ke8 39. Nc7+ Kf7 40. e6+ Kxf6 41. Rxd8 Ra2+ 42. Kg3 Re2 43. Rd4 Na5 44. Nd5+ Kg7 45. Nf4 Re5 46. Rd7+ Kg8 47. Rxa7 Nc6 48. Rb7 Re3+ 49. Kg4 Re4 50. Rxb6 Ne7 51. a5 Nd5 52. Rb8+ Kg7 53. Rb7+ Kg8 54. Kf5 Rxf4+ 55. Ke5 Rg4 56. a6 1-0

[Event "Quebec op"]
[Site "Montreal CAN"]
[Date "1980.08.07"]
[Round "5"]
[White "Ivanov, Igor V"]
[Black "Barbeau, Sylvain"]
[Result "1-0"]
[WhiteElo "2452"]
[BlackElo "2272"]
[PlyCount "95"]
[GameId "2160767912911759"]
[EventDate "1980.08.03"]
[EventType "swiss"]
[EventRounds "8"]
[EventCountry "CAN"]
[SourceTitle "EXT 2022"]
[Source "ChessBase"]
[SourceDate "2021.10.06"]
[SourceVersion "1"]
[SourceVersionDate "2021.10.06"]
[SourceQuality "1"]

1. c4 g6 2. Nc3 Bg7 3. d4 Nf6 4. e4 d6 5. Nf3 O-O 6. Be2 e5 7. d5 a5 8. O-O Na6 9. Bg5 h6 10. Bh4 Qe8 11. Ne1 Nh7 12. Nd3 h5 13. f3 b6 14. a3 Bh6 15. b4 Be3+ 16. Bf2 Bxf2+ 17. Nxf2 Qe7 18. Qd2 Bd7 19. Rab1 axb4 20. axb4 f5 21. exf5 Bxf5 22. Bd3 Qg5 23. Qe2 Nf6 24. Nfe4 Bxe4 25. Nxe4 Nxe4 26. Qxe4 Kg7 27. g3 Nb8 28. Rb2 Nd7 29. h4 Qf5 30. Qe3 Qf6 31. Be4 Qe7 32. Rg2 Rf6 33. Qc3 Raf8 34. Ra1 Rb8 35. Ra7 Nf8 36. Rf2 Qf7 37. c5 bxc5 38. bxc5 dxc5 39. Qxe5 Re8 40. Qxc7 Qxc7 41. Rxc7+ Kg8 42. Rxc5 Rd8 43. Rc6 Kf7 44. Rb2 Rd7 45. Kf2 Nh7 46. Rb8 Rfd6 47. Rbb6 Rf6 48. Ke3 1-0

[Event "Quebec op"]
[Site "Montreal CAN"]
[Date "1980.08.08"]
[Round "6"]
[White "Ivanov, Igor V"]
[Black "Kudrin, Sergey"]
[Result "1-0"]
[WhiteElo "2452"]
[BlackElo "2460"]
[PlyCount "69"]
[GameId "2160767912911768"]
[EventDate "1980.08.03"]
[EventType "swiss"]
[EventRounds "8"]
[EventCountry "CAN"]
[SourceTitle "EXT 2022"]
[Source "ChessBase"]
[SourceDate "2021.10.06"]
[SourceVersion "1"]
[SourceVersionDate "2021.10.06"]
[SourceQuality "1"]

1. c4 Nf6 2. Nf3 e6 3. d4 b6 4. a3 c5 5. e3 g6 6. Nc3 Bg7 7. Be2 cxd4 8. Nxd4 a6 9. Bf3 Ra7 10. O-O O-O 11. b3 Bb7 12. Bb2 d5 13. cxd5 Nxd5 14. Nxd5 Bxd5 15. Rc1 e5 16. Bxd5 Qxd5 17. Nc6 Qxd1 18. Rfxd1 Nxc6 19. Rxc6 Rb8 20. e4 Kf8 21. Bc1 Ke8 22. Be3 Rab7 23. Rd5 a5 24. g3 b5 25. Ra6 a4 26. bxa4 b4 27. axb4 Rxb4 28. Ra7 Rxe4 29. Rdd7 Rxa4 30. Re7+ Kd8 31. Rad7+ Kc8 32. Rxf7 Bf6 33. Rd6 Rb1+ 34. Kg2 Bd8 35. Rf8 1-0

[Event "Quebec op"]
[Site "Montreal CAN"]
[Date "1980.08.09"]
[Round "7"]
[White "Spraggett, Kevin"]
[Black "Ivanov, Igor V"]
[Result "0-1"]
[WhiteElo "2503"]
[BlackElo "2452"]
[PlyCount "66"]
[GameId "2160767912911774"]
[EventDate "1980.08.03"]
[EventType "swiss"]
[EventRounds "8"]
[EventCountry "CAN"]
[SourceTitle "EXT 2022"]
[Source "ChessBase"]
[SourceDate "2021.10.06"]
[SourceVersion "1"]
[SourceVersionDate "2021.10.06"]
[SourceQuality "1"]

1. d4 Nf6 2. c4 e6 3. Nc3 Bb4 4. e3 c5 5. Bd3 b6 6. Nf3 Bb7 7. O-O O-O 8. Na4 Qe7 9. a3 Ba5 10. Rb1 Rc8 11. b3 Bc6 12. Bb2 Bxa4 13. bxa4 cxd4 14. Nxd4 Nc6 15. Nxc6 dxc6 16. f4 Rd8 17. Rf3 Rd7 18. Bxf6 gxf6 19. Rg3+ Kf8 20. Qg4 Qd8 21. Bxh7 Ke7 22. h3 Bc3 23. Qh4 Rd1+ 24. Rxd1 Qxd1+ 25. Kh2 Be1 26. Qg4 Bxg3+ 27. Qxg3 Qxa4 28. e4 Qxc4 29. Qh4 Rh8 30. e5 Kd7 31. exf6 Qd5 32. Kg3 c5 33. Kg4 Qxg2+ 0-1

[Event "Quebec op"]
[Site "Montreal CAN"]
[Date "1980.08.10"]
[Round "8"]
[White "Ivanov, Igor V"]
[Black "Bass, Leonid"]
[Result "1-0"]
[WhiteElo "2452"]
[BlackElo "2479"]
[PlyCount "127"]
[GameId "2160767912911778"]
[EventDate "1980.08.03"]
[EventType "swiss"]
[EventRounds "8"]
[EventCountry "CAN"]
[SourceTitle "EXT 2022"]
[Source "ChessBase"]
[SourceDate "2021.10.06"]
[SourceVersion "1"]
[SourceVersionDate "2021.10.06"]
[SourceQuality "1"]

1. b3 Nf6 2. Nf3 c5 3. Bb2 e6 4. e3 Be7 5. d4 O-O 6. Bd3 b6 7. O-O Bb7 8. Nbd2 d6 9. c4 Nc6 10. Rc1 Re8 11. Qe2 Rc8 12. Rfd1 cxd4 13. exd4 d5 14. Nf1 Ba6 15. Ne3 Bf8 16. Ne5 dxc4 17. bxc4 Qe7 18. f4 Nb4 19. Bb1 Nbd5 20. Qf3 Nxe3 21. Qxe3 g6 22. a4 Qb4 23. Bc3 Qa3 24. Bd2 Qxe3+ 25. Bxe3 Red8 26. Bf2 Rc7 27. Bd3 Nd7 28. Bf1 Rdc8 29. Nxd7 Rxd7 30. c5 Bxf1 31. Kxf1 Rdc7 32. Rc4 Rc6 33. Rdc1 h5 34. Ke2 Be7 35. Rb1 Kf8 36. a5 Ke8 37. Rb5 Kd7 38. Kd3 Bd8 39. axb6 axb6 40. Ra4 bxc5 41. dxc5 Bf6 42. Kc4 Be7 43. Bd4 R6c7 44. Ra6 Ke8 45. Rba5 Kd7 46. g3 Ke8 47. Ra7 Kd7 48. Be5 Rxa7 49. Rxa7+ Kd8 50. Bd4 Rb8 51. Bc3 Ke8 52. Be5 Rb1 53. c6 Rc1+ 54. Kb5 f6 55. Bd4 e5 56. fxe5 fxe5 57. Bb6 Bd6 58. Rd7 Be7 59. Rd5 e4 60. c7 e3 61. Bc5 e2 62. c8=Q+ Kf7 63. Re5 Rxc5+ 64. Qxc5 1-0